| 000 | 00348nam a2200145Ia 4500 | ||
|---|---|---|---|
| 008 | 230312s9999||||xx |||||||||||||| ||und|| | ||
| 020 | _a1-4094-0385-2 | ||
| 082 |
_a720.19 _bHOW-A |
||
| 100 | _aHoward; Peter J | ||
| 245 | 3 | _aAn Introduction to Landscape | |
| 260 |
_bAshgate _aUSA _c2011 |
||
| 300 | _a308 | ||
| 650 | _aArchitecture | ||
| 942 | _cBK | ||
| 999 |
_c11865 _d11865 |
||